000
00349nam a2200145 a 4500
005
20140412111408.0
008
110407s19uu xx 00 eng d
020
_a
0-7214-4212-9
050
_a
ER
_b
Pi65 1998
245
_a
Pinocchio.
260
_a
Australia :
_b
Disney Interprises,
_c
1998.
300
_a
95p.
440
_a
Disney
999
_c
105608
_d
105608